000 00754cab a2200253 4500
001 ABS57807
008 090401t1997 xxu||||| |||| 00| 0 eng d
035 _a(Sirsi) u81586
041 _aeng
100 _aBarnsley, D.G.
245 2 _aA return to scale fees and conflicts of interest?
260 _c1997
350 _a0
490 _aSolicitors` Journal
_v141(39) 17 October 1997, 969-971(2)
520 _aThe author argues in favour of a return to scale fees as a way of raising standards in conveyancing.
650 _aCONVEYANCING
650 _aDRAFTING
650 _aSCALE FEES
650 _aSOLICITORS
650 _aSTANDARDS
690 _aMANAGEMENT-BUSINESS MANAGEMENT-PROFESSIONAL PRACTICE
942 _n0
948 _c21/10/1997
999 _c51414
_d51414